[Event "Moscow Tal Memorial 1st"]
[Site "Moscow"]
[Date "2006.11.15"]
[Round "8"]
[White "Svidler, Peter"]
[Black "Morozevich, Alexander"]
[Result "1-0"]
[WhiteElo "2750"]
[BlackElo "2747"]
[Annotator "Marin,M"]
[PlyCount "159"]
[EventDate "2006.11.06"]
[EventType "tourn"]
[EventRounds "9"]
[EventCountry "RUS"]
[EventCategory "20"]
[SourceTitle "CBM 116"]
[Source "ChessBase"]
[SourceDate "2007.02.01"]
[SourceVersion "1"]
[SourceVersionDate "2007.02.01"]
[SourceQuality "1"]

1. e4 e5 2. Nf3 Nc6 3. Bb5 a6 4. Ba4 Nf6 5. O-O Be7 6. Re1 b5 7. Bb3 d6 8. c3
O-O 9. h3 Re8 10. Ng5 Rf8 11. Nf3 Bb7 12. d4 Re8 {This game features an
interesting theoretical dispute, because both players have included the
Zaitsev variation in their repertoires recently.} 13. Nbd2 Bf8 14. d5 ({
The main continuation is supposed to be} 14. a4 {but Svidler might have been
impressed by his opponent's play after} Na5 $5 {in Volokitin,A (2662)
-Morozevich,A (2731)/Biel 2006/CBM 114 [Marin] (0-1, 61)}) 14... Nb8 15. Nf1
Nbd7 16. N3h2 Nc5 {One of the possible continuations. Black intends to
undermine White's advantage in the centre with ...c6 as soon as possible,
which makes driving the bishop away quite useful.} ({Both players had
experience with Black in the line starting with} 16... h6 17. Qf3 (17. Ng4 {
Naiditsch,A (2664)-Svidler,P (2742) Sparkassen Dortmund GER 2006 (5) 1/2})
17... Nc5 18. Bc2 c6 19. b4 Na4 $6 ({In my comments to this game, I suggested} 
19... cxd5 $5 20. bxc5 dxe4 $1 {as a possible improvement.}) {and now, in
Bruzon,L (2667)-Morozevich,A (2731)/Biel SUI 2006/CBM 114/ [Marin] (0-1, 55),
White should have played} 20. Bxa4 bxa4 21. c4 $14) 17. Bc2 c6 18. b4 {In
order to weaken Black's pressure over the centre, White has to weaken his
queenside with this move.} Ncd7 19. dxc6 Bxc6 20. Bg5 {[%csl Gd5][%cal Rg5f6]
In the long run, the exchange on f6 is supposed to offer chances for taking
over the control of the d5-square. However, the weakness of the c4-square is
just as significant.} Qc8 $5 {[%cal Yc8c3,Yc8h3] This slightly mysterious way
of avoiding the pin (more natural would be 20...Qc7) is aimed to maintain the
control of the h3-c8 diagonal, besides the obvious pressure along the c-file.
More about it later.} (20... h6 $5 {is a specialty of Bacrot, who has defended
Black's point of view in a few games. Black shows that he is not afraid of the
exchange in f6 and provokes it immediately.} 21. Bxf6 Nxf6 22. Ng4 {Exchanging
the reserve knight in order to reduce Black's control over the central squares
(d5 in first line).} Nxg4 23. Qxg4 Bd7 {[%csl Gc4][%cal Yd7e6] Black transfers
the bishop to e6, in order to put the c4-square under onservation.} 24. Qf3 (
24. Qd1 {This retreat looks a bit passive, but deserves some attention on the
basis of the fact that it was... Bacrot's choice with White!} Rc8 (24... Qc7
25. Re3 Be6 26. Bb3 a5 27. Bd5 Ra7 28. Qb3 Bxd5 29. Qxd5 Qc4 $6 {Black was OK
and did not need to resort to such radical measures.} 30. Qxc4 bxc4 {[%csl Gc4]
} 31. bxa5 Rxa5 32. Re2 d5 33. exd5 Rxd5 34. Ne3 Rd3 35. Rc2 $14 {Bacrot,E 
(2660)-Dervishi,E (2490)/Verona 2004/EXT 2005 (1-0, 73)}) 25. Re3 Be6 26. Bb3
Re7 27. Rg3 Rec7 28. Rc1 Qh4 {Black has regrouped in optimal way and has
little to fear. The "bad" bishop is useful because it safely defends the
d6-pawn. White needs to use his rooks for the defence of his similar weakness
on c3.} ({The usefulness of the white queen on d1 becomes obvious after} 28...
a5 {when White can maintain the integrity of his structure with} 29. a3 {
[%cal Yd1b3] without having to exchange on e6 previously. To be compared with
a similar situation after 24.Qf3.}) 29. Bd5 Bxd5 30. Qxd5 Rc4 31. Rf3 R8c7 32.
Ng3 {The knight cannot reach the optimal d5-square because of Black's pressure
against the e4-pawn.} Qe7 33. Qd2 Qe6 34. Rc2 a5 35. a3 axb4 36. axb4 g6 37.
Qd3 h5 $11 {[%csl Ge3][%cal Yf8h6,Rg3f1,Rf1e3,Yh6e3] Naiditsch,A (2574)-Bacrot,
E (2645)/Lausanne 2003 (1/2-1/2, 74)}) 24... Rc8 25. Bb3 Be6 26. Bxe6 ({
In principle, White would like to refrain from this exchange, which
strengthens Black's control over the centre. However, in the long run he will
not be able to avoid it without making some other concession. For instance:} 
26. Rec1 Be7 27. Rc2 a5 {. Now, the bishop is not defended by the queen and
White cannot maintain the tension in a favourable way.} 28. Qd3 axb4 29. cxb4
Rxc2 30. Qxc2 Qb6 {and the weakness of the d4-square offered Black sufficient
counterplay in Akopian,V (2693)-Zhang Zhong (2639)/Wijk aan Zee 2004/CBM 099/
[Wedberg] (1/2-1/2, 63)}) 26... fxe6 {. Now, Black has no problems at all in
the centre and can even display some activity with a well-timed ...d5.} 27. a4
{White's only active plan is to weaken Black's queenside structure.} Qd7 (27...
Qc7 28. axb5 axb5 29. Ra3 Ra8 30. Rea1 Rxa3 31. Rxa3 Be7 32. Qd3 Qc6 33. Ne3
Rc8 34. g3 Bg5 35. h4 Bxe3 36. Qxe3 Kh7 37. Ra5 Qxc3 $11 {Leko,P (2763)-Bacrot,
E (2729)/Dortmund 2005/CBM 108 (1/2-1/2, 43)}) 28. axb5 axb5 29. Qd3 (29. Red1
{Pelletier,Y (2597)-Bacrot,E (2712)/Biel 2004/CBM 102/[Pelletier] (1/2-1/2, 48)
}) 29... Qc6 30. Ra3 d5 $1 31. exd5 exd5 32. Ne3 d4 33. cxd4 exd4 34. Qxd4 Re4
35. Qa1 Bxb4 36. Ra6 Qe8 37. Rc1 Rxc1+ 38. Qxc1 Bf8 $15 {Kulaots,K (2570)
-Bacrot,E (2729)/Gothenburg 2005/CBM 109 (0-1, 125)}) 21. Ng3 $146 {White
continues improving his position without clearing matters on the kingside yet.}
({However, the immediate} 21. Bxf6 {makes some sense, in the way that it keeps
the f1-knight on the track to d5.} Nxf6 22. Ng4 Nxg4 23. hxg4 Bd7 {[%csl Yc3,
Yg4] This is the point behind placing the queen on c8. White cannot defend
both the attacked pawns simultaneously. However, he will get good compensation
in view of the centralized knight.} 24. Ne3 Qxc3 (24... Ra7 $5 25. Bb3 Qxc3 26.
Nd5 Qc8 27. Nb6 Qd8 28. Nxd7 Qxd7 29. Bd5 g6 $11 {Hracek,Z (2620)-Beliavsky,A 
(2640)/Germany 2000/CBM 074 ext (1/2-1/2, 39)}) 25. Nd5 Qc6 26. Bb3 Qb7 27. g5
Be6 28. Re3 Rec8 29. Qh5 a5 $5 {Since his king is relatively safe yet, Black
wins some space on the queenside.} (29... Rc4 $6 {looks a bit like premature
panicking.} 30. Bxc4 bxc4 31. Rd1 $14 {Almasi,Z (2676)-Bacrot,E (2594)/Szeged
2000/CBM 078 (1-0, 36)}) 30. bxa5 Rxa5 {Apparently, White has a promissing
attacking position, but it is not so easy to create dangerous threats.} 31. Kh2
(31. Rg3 {[%cal Yd5f6]} Kh8 $1) (31. g4 {[%csl Gh3][%cal Ye3h3]} Be7 {[%csl
Gf6]} 32. Rh3 h6 33. gxh6 g6 34. h7+ Kh8 $13) 31... b4 {The knight cannot be
tolerated on d5 for too long. Black is ready to sacrifice the exchange.} 32.
Rh1 Bxd5 33. Bxd5 Rxd5 34. Rh3 h6 35. exd5 g6 $44 {Black's more compact pawn
structure offers him adequate compensation.}) 21... h6 22. Bxf6 Nxf6 23. Bb3 (
23. Ng4 Nxg4 24. hxg4 Bd7 $17 {[%csl Gc3,Gg4]}) 23... a5 24. bxa5 {A necessary
positional concession.} ({White cannot maintain the tension with} 24. a3 axb4
25. axb4 {because of} Rxa1 26. Qxa1 d5 $36) 24... Bd7 25. Qf3 Be6 {Black has
regrouped in optimal way and retains a solid position. His structure is more
compact and White has to put some pressure on the kingside in order to avoid
getting the worse of the position.} 26. Nf5 Kh7 27. Ng4 Nxg4 28. hxg4 Rxa5 29.
Rad1 Ra6 30. Rd3 g6 31. Ne3 Kg7 32. Rb1 $11 {[%csl Gb5] The mutual weaknesses
tend to compensate for each other, but Black's position might be more pleasant
to play.} Be7 33. Qe2 Ra5 34. Rd2 Bg5 {Black's next series of move might have
been determined by over-optimism.} (34... Qc5 $11 {was simpler.}) 35. Rxd6 Bxb3
(35... Qxc3 36. Bxe6 Rxe6 37. Rxe6 fxe6 {(=, Baburin)} 38. Nf1 $14 {[%csl Ge5,
Ge6,Yg7]}) 36. axb3 Qxc3 $2 {But this is definitely wrong. Why allow White to
install his knight on d5?} (36... Bxe3 37. Qxe3 Qxg4 $11) 37. Nd5 $16 Qc8 38.
Rb6 Ra7 39. Rxb5 Qa6 40. Nb4 Qe6 41. Nd3 Qa6 42. Rd5 Rc7 43. b4 Qc4 44. Qe1 Qc2
45. Nc5 Rc6 46. Qd1 Qa2 47. Qb3 Qe2 48. Qd3 Qa2 49. b5 Rf6 50. Rf1 Ra8 51. Qb3
Qe2 52. Qd1 Qb2 53. Nd3 Qc3 54. Nxe5 Rxf2 55. Rxf2 Ra1 56. Rxf7+ Kg8 57. Rf1
Rxd1 58. Rfxd1 {[%mdl 4096]} Qg3 59. Nf3 Be3+ 60. Kh1 Qxg4 61. Rd8+ Kg7 62.
R1d7+ Kf6 63. Rf8+ Ke6 64. Rd5 Ke7 65. Rf7+ Ke8 66. Rh7 Qf4 67. Re5+ Kd8 68.
Re6 Qg4 69. Rh8+ Kc7 70. b6+ Bxb6 71. Rc6+ Kb7 72. Rh7+ Ka8 73. Rxh6 Be3 74.
Rh8+ Kb7 75. Rh7+ Kb8 76. Rf6 Bc5 77. Rff7 Qc8 78. Ne5 Bd6 79. Nc6+ Qxc6 80.
Rh8+ 1-0

[Event "Corus"]
[Site "Wijk aan Zee"]
[Date "2007.01.21"]
[Round "8"]
[White "Motylev, Alexander"]
[Black "Svidler, Peter"]
[Result "0-1"]
[WhiteElo "2647"]
[BlackElo "2728"]
[Annotator "Krasenkow,M"]
[PlyCount "56"]
[EventDate "2007.01.13"]
[EventType "tourn"]
[EventRounds "13"]
[EventCountry "NED"]
[EventCategory "19"]
[SourceTitle "CBM 117"]
[Source "ChessBase"]
[SourceDate "2007.03.30"]
[SourceVersion "1"]
[SourceVersionDate "2007.03.30"]
[SourceQuality "1"]

1. d4 Nf6 2. c4 g6 3. f3 d5 4. cxd5 Nxd5 5. e4 Nb6 6. Nc3 Bg7 7. Be3 O-O 8. Qd2
Nc6 9. O-O-O f5 {This system was examined by GM V.Golod in CBM 81 and by GM L.
Ftacnik in CBM 96.} 10. e5 {This move, giving up the d5 square, leads to a
good position for Black. The passivity of his g7 bishop is not very annoying.}
(10. h4 {is the main line.}) 10... Nb4 11. Nh3 (11. Kb1 N4d5 12. Nxd5 Nxd5 13.
Bh6 f4 14. Bxg7 Kxg7 15. g3 c5 16. dxc5 Bf5+ 17. Ka1 Ne3 $17 {1-0 Lain,
L-Flumbort,A/Saint Vincent 2002/CBM 090 ext (62)}) (11. h4 Be6 (11... N4d5 12.
Nh3 Nxe3 13. Qxe3 Be6 14. h5 $36 {0-1 Bakker,S-Bezemer,A/Amsterdam 2004/CBM
101 ext (31)}) 12. h5 (12. b3 a5 13. Nh3 a4 14. Nf4 Qc8 15. d5 $2 Bxe5 16. Bd4
Bxf4 17. Qxf4 N6xd5 {0-1 Gruenenwald,J-Georges,S/Switzerland 2003/EXT 2004 (26)
}) (12. Kb1 N4d5 13. Nh3 Nxc3+ 14. Qxc3 Nd5 $13) 12... Nxa2+ 13. Nxa2 Bxa2 14.
hxg6 hxg6 15. Bh6 Qe8 $1 (15... Qd5 $6 16. Ne2 Nc4 17. Qc3 $14 {Postny,E-Dub,Z/
Israel 2002/Inf 85/[Dub,Z]}) 16. Ne2 f4 17. Bxf4 Bb3 18. Bh6 Nc4 19. Qb4 Bxh6+
20. Rxh6 Bxd1 21. Qxc4+ Kg7 22. Rh4 $44 {1/2-1/2 Bykhovsky,A-Dub,Z/Tel Aviv
2002/Inf 85/[Dub,Z] (32)}) 11... Be6 12. Kb1 (12. a3 N4d5 13. Ng5 Qd7 14. f4
Nxc3 15. Qxc3 Bd5 16. h4 h5 17. Rh3 a5 18. Kd2 a4 19. Ke1 Bb3 20. Rc1 Nd5 $11 {
1-0 Sturua,Z-Krasenkow,M/Batumi 2002/CBM 090 (44)}) 12... Qd7 (12... Nc4 13.
Qc1 Nxe3 14. Qxe3 Nd5 15. Nxd5 Bxd5 16. Qc3 e6 {1/2-1/2 Bykhovsky,A-Golod,V/
Tel Aviv 2001/CBM 081 ext}) 13. Nf4 Bf7 14. a3 a5 {[%mdl 512] A typical piece
sacrifice, which can hardly be accepted.} 15. d5 $4 {A strange move giving up
the important e5 pawn and opening up Black's g7 bishop.} (15. h4 $132 {>>})
15... Bxe5 $1 16. axb4 {White must now accept this sacrifice, otherwise his
position is ruined. But then his king will be quickly mated along the a-file!}
axb4 17. Nb5 Ra5 {[%mdl 128]} (17... Ra4 $5) 18. Bxb6 {Black has a killing
attack in any case, e.g.} (18. Qxb4 Rfa8 19. Na3 Bd6 {etc.}) 18... cxb6 19.
Qxb4 Rfa8 20. Rd4 (20. Na3 Bd6 21. Qd4 Ra4 $19) 20... Bxd4 21. Qxd4 Ra1+ 22.
Kc2 Rxf1 23. Rxf1 Qxb5 24. Rc1 Rd8 25. Qe5 Bxd5 26. Nxd5 Rxd5 27. Qe6+ Kf8 28.
Qc8+ Kf7 0-1

[Event "Morelia/Linares 24th"]
[Site "Morelia/Linares"]
[Date "2007.03.02"]
[Round "8"]
[White "Aronian, Levon"]
[Black "Svidler, Peter"]
[Result "1/2-1/2"]
[WhiteElo "2744"]
[BlackElo "2728"]
[Annotator "Marin,M"]
[PlyCount "31"]
[EventDate "2007.02.17"]
[EventType "tourn"]
[EventRounds "14"]
[EventCountry "ESP"]
[EventCategory "20"]
[SourceTitle "CBM 117"]
[Source "ChessBase"]
[SourceDate "2007.03.30"]
[SourceVersion "1"]
[SourceVersionDate "2007.03.30"]
[SourceQuality "1"]

1. d4 Nf6 2. c4 g6 3. Nc3 d5 4. Nf3 ({Aronian tried} 4. Bg5 {twice in recent
games against Svidler. Although White obtained promissing positions each time,
he lost both games, which explains Aronian's desire to change the background.})
4... Bg7 5. e3 c6 6. b4 {The old Makogonow system. Instead of embarking long
forced variations, White aims for a positional fight, hoping that his
queenside advantage of space will count in the long run. One important element
is that Black is deprived of the possibility of an early ...c5, which is
Black's main source of counterplay in the Grünfeld.} O-O 7. Bb2 a5 8. b5 a4 9.
Rc1 Qa5 10. Bd3 Bg4 11. h3 Bxf3 12. Qxf3 e5 13. cxd5 exd4 14. exd4 Re8+ 15. Kf1
cxd5 16. g3 1/2-1/2

[Event "Morelia/Linares 24th"]
[Site "Morelia/Linares"]
[Date "2007.03.10"]
[Round "14"]
[White "Svidler, Peter"]
[Black "Morozevich, Alexander"]
[Result "0-1"]
[WhiteElo "2728"]
[BlackElo "2741"]
[Annotator "Marin,M"]
[PlyCount "56"]
[EventDate "2007.02.17"]
[EventType "tourn"]
[EventRounds "14"]
[EventCountry "ESP"]
[EventCategory "20"]
[SourceTitle "CBM 117"]
[Source "ChessBase"]
[SourceDate "2007.03.30"]
[SourceVersion "1"]
[SourceVersionDate "2007.03.30"]
[SourceQuality "1"]

1. e4 e6 2. d4 d5 3. Nc3 Nf6 4. e5 Nfd7 5. f4 c5 6. Nf3 Nc6 7. Be3 a6 8. Qd2 b5
9. a3 Bb7 10. dxc5 {A rare and possibly not best move. White's desire to clear
the d4-square for his pieces is understandable, but theprize to pay is
relatively high: Black wins time for his development.} Bxc5 {In most of the
games where this line was played, Black captured with the knight. With his
move, Morozevich shows that he treasures the dynamic factors (rapid
development) higher than static ones (the exchange of the dark-squared bishops)
.} 11. Bxc5 Nxc5 12. Bd3 b4 {In such situations, it is far from clear whether
the move a3 slows down Black's attack or just facilitates it.} 13. Ne2 ({
After this volunatry retreat, the second aspect mentioned in the previous
comment seems to become valid. Svidler probably disliked the fact that after} 
13. axb4 Nxb4 {Black threatens not only ...Nbxd3+ followed by the fork on b3,
but also ...d4. However, both threats could be parried with} 14. Be2 {. True,
this would leave the e4-square poorly defended, but we should also take into
account that Black's knight's jump to b4 has left the d4-square to White's
mercy.}) 13... Qb6 14. Qe3 $6 ({Slightly carelessly. With a black bishop on b7,
White's main concern should be to maintain the d4-square safely blocked.
Therefore,} 14. Nfd4 {Should have been preferred.}) 14... d4 $1 {The tendency
of such pawns to sacrifice themselves for the sake of the other pieces is
known from Nimzovich' time.} 15. Nfxd4 Nxd4 16. Qxd4 bxa3 17. Rxa3 Rd8 {
The g2-pawn is not entirely eadible yet, because of Rg1 followed by Rxg7.
However, the activity of the black bishop along the h1-a8 diagonal is quite
annoying for White.} 18. Qe3 Qxb2 19. Qxc5 $6 ({White sacrifices the echange,
but gets no adequate compensation for it. True, after} 19. O-O {Black has a
great position, but White is very much in the game still. It is hard to say
whether Svidler overestimated his attacking chances after the game move or
simply disliked his position in general.}) 19... Qb1+ 20. Kd2 Qxh1 21. Nc3 Qxh2
22. Ra4 Qxg2+ {Although Black is temporarily deprived of the right to castle,
it is the white king who is in danger.} 23. Kc1 Rc8 24. Qb4 Qg1+ 25. Nd1 Bf3
26. Rxa6 Qc5 27. Qa4+ Kf8 28. Ra5 Qg1 0-1

[Event "Baku FIDE GP"]
[Site "Baku"]
[Date "2008.04.27"]
[Round "6"]
[White "Svidler, Peter"]
[Black "Karjakin, Sergey"]
[Result "1-0"]
[WhiteElo "2746"]
[BlackElo "2732"]
[Annotator "Krasenkow,M"]
[PlyCount "79"]
[EventDate "2008.04.21"]
[EventType "tourn"]
[EventRounds "13"]
[EventCountry "AZE"]
[EventCategory "19"]
[SourceTitle "CBM 124"]
[Source "ChessBase"]
[SourceDate "2008.05.28"]
[SourceVersion "1"]
[SourceVersionDate "2008.05.28"]
[SourceQuality "1"]

1. d4 d5 2. c4 c6 3. Nf3 Nf6 4. Nc3 e6 5. e3 Nbd7 6. Bd3 dxc4 7. Bxc4 b5 8. Bd3
Bd6 9. O-O O-O 10. a3 Bb7 11. Qc2 a6 12. b4 {In my opinion, after this move,
"killing" the b7 bishop, White should get the better chances.} a5 13. Rb1 axb4
14. axb4 Qe7 15. e4 e5 16. Ne2 (16. dxe5 {is played more frequently.}) 16...
Bxb4 (16... Rfe8 17. Bd2 Ra3 18. Rb3 Rxb3 19. Qxb3 exd4 20. Nexd4 c5 21. Nf5
Qf8 22. Bxb5 Bxe4 23. Nxd6 Qxd6 24. Rd1 Bxf3 (24... Rb8 $5) 25. gxf3 $14 {
1-0 Gligoric,S-Nikcevic,N/Niksic 1997/CBM 059 ext (55)}) (16... Ra4 17. dxe5
Bxe5 18. Nxe5 Nxe5 19. Nc3 Ra6 20. Be2 $14 {1-0 Najer,E-Hachatrian,V/St
Petersburg 2000/CBM 076 (74)}) 17. Ng3 (17. dxe5 Ng4 18. Bg5 Qc5 19. e6 fxe6
20. Nf4 (20. Qb3 Nde5 21. Nxe5 Nxe5 22. Be3 Qe7 23. Bxb5 Bd6 24. Bc4 Nxc4 25.
Qxc4 Ba6 26. Qc2 Bb5 $11 {1/2-1/2 Silva,M-Johansson,S/ICCF Email 2001/ICCF
tele 9/2002 (38)}) 20... Nde5 21. Nxe6 Nxf3+ 22. gxf3 Qe5 23. fxg4 Qxe6 24. h3
c5 25. Bxb5 Qe5 26. f4 Qxe4 27. Qxe4 Bxe4 28. Bc4+ Kh8 $11 {1/2-1/2 Einarsson,
T-Karacsony,Z/ICCF Email 2003/ICCF Telechess CBM 102 (53)}) 17... g6 $6 (17...
exd4 18. e5 Nxe5 19. Nxe5 c5 $5 20. f4 (20. Rxb4 cxb4 21. Re1 Qe6 22. Nf5 Ne4
23. Nc6 Bxc6 24. Nxd4 b3 25. Qe2 Nc3 26. Qxe6 fxe6 27. Nxc6 {1/2-1/2 Najer,
E-Galkin,A/Kolontaevo 1997/EXT 1999} Ra2 $17) 20... c4 21. Bxc4 bxc4 22. Qxc4
Nd5 23. Nf5 Qe6 24. Rxb4 Nxb4 25. Qxb4 Qxf5 26. Qxb7 Qc2 $132 {1/2-1/2 Flores
Gutierrez,C-Dothan,Y/ICCF Email 2001/ICCF Telechess (33)}) 18. dxe5 $5 $146 {
[%mdl 8] An important novelty.} (18. Bg5 Ra4 (18... Bd6 $5) 19. d5 Rc8 20. Qe2
Qd6 21. Nh4 Bc5 22. Nhf5 $5 $13 {1-0 Grachev,B-Poliakov,A/Pardubice 2007/CBM
119 ext (52)}) 18... Ng4 19. Bg5 Qc5 20. e6 Nde5 $6 (20... fxe6 {needs testing,
i.e.} 21. Qb3 Nde5 22. Qxe6+ Rf7 23. Nxe5 Nxe5 {etc.}) 21. Nxe5 Nxe5 22. Bf6 $1
Qxc2 $6 (22... Nxd3 $142 23. Qxd3 fxe6 (23... Qd6 24. Qf3) 24. e5 $44 Qc3 25.
Qe4 $5) 23. Bxc2 Bd6 (23... Ng4 24. e5 $1) 24. Bb3 fxe6 25. Bxe6+ Nf7 26. f4
$14 {White's central pawns are more dangerous than Black's queenside pawns.}
Bc8 27. Bb3 Re8 28. f5 Bxg3 29. hxg3 Rxe4 $2 {A decisive mistake.} (29... gxf5
$1 {was necessary, e.g.} 30. exf5 c5 31. Bd5 Ra6 {with a defensible position.})
30. Ra1 $1 Rxa1 31. Rxa1 {[%cal Ra1a7,Ra1a8] The decisive invasion along the
a-file is inevitable.} Kf8 $6 (31... gxf5 {was more stubborn but after} 32. Ra7
Be6 33. Bxe6 Rxe6 34. Ra8+ Nd8 35. Rxd8+ Kf7 36. Bg5 {White should convert his
extra piece.}) 32. Ra7 Ne5 33. Rxh7 Nc4 34. fxg6 Be6 35. Bc2 Re2 36. Bd3 Re3
37. Bf5 Bd5 38. Kf2 Re8 39. Bd7 Nd6 40. Bg7+ 1-0